000 00213 a2200097 4500
001 27447
100 _aBailey, F
245 _aFundamentals of Engg Metallurgy
260 _a
_bCassell
_c1972
090 _c18241
_d18241
942 _aNUST-CAE
_cM
_c9160
999 _c262520
_d262520